Degas, (Record no. 1342)

MARC details
000 -LEADER
fixed length control field 00711cam a22002411 4500
001 - CONTROL NUMBER
control field af 47001675
003 - CONTROL NUMBER IDENTIFIER
control field DLC
005 - DATE AND TIME OF LATEST TRANSACTION
control field 20260227110809.0
008 - FIXED-LENGTH DATA ELEMENTS--GENERAL INFORMATION
fixed length control field 770921s1944 xx 000 0 fre c
010 ## - LIBRARY OF CONGRESS CONTROL NUMBER
LC control number af 47001675
035 ## - SYSTEM CONTROL NUMBER
System control number (OCoLC)3284320
040 ## - CATALOGING SOURCE
Original cataloging agency Harvard univ. Library
Transcribing agency OC
Modifying agency DLC
042 ## - AUTHENTICATION CODE
Authentication code premarc
050 00 - LIBRARY OF CONGRESS CALL NUMBER
Classification number ND553.D3
Item number R35
082 ## - DEWEY DECIMAL CLASSIFICATION NUMBER
Classification number 759.4
100 1# - MAIN ENTRY--PERSONAL NAME
Personal name Rebatet, Marguerite.
245 00 - TITLE STATEMENT
Title Degas,
Statement of responsibility, etc. par Marguerite Rebatet.
260 ## - PUBLICATION, DISTRIBUTION, ETC.
Place of publication, distribution, etc. Paris,
Name of publisher, distributor, etc. P. Tisné
Date of publication, distribution, etc. [1944]
300 ## - PHYSICAL DESCRIPTION
Extent 39, [1] p., 5 l.
Other physical details 128 pl. (part mount. col.) on 64 l.
Dimensions 21 x 16 cm.
490 0# - SERIES STATEMENT
Series statement Bibliothèque franc̜aise des arts
504 ## - BIBLIOGRAPHY, ETC. NOTE
Bibliography, etc. note "Bibliographie sommaire": p. [41]
600 10 - SUBJECT ADDED ENTRY--PERSONAL NAME
Personal name Degas, Edgar,
Dates associated with a name 1834-1917

No items available.

Powered by Koha